Global calculus
Αποθηκεύτηκε σε:
| Κύριος συγγραφέας: | |
|---|---|
| Μορφή: | Βιβλίο |
| Γλώσσα: | English |
| Δημοσίευση: |
Providence, R.I. :
American Mathematical Society,
c2005
|
| Σειρά: | Graduate studies in mathematics ;
; 65 |
| Θέματα: | |
| Ετικέτες: |
Προσθήκη ετικέτας
Δεν υπάρχουν, Καταχωρήστε ετικέτα πρώτοι!
|
MARC
| LEADER | 00000nam a2200000 i 4500 | ||
|---|---|---|---|
| 001 | 1/59537 | ||
| 008 | 071019s2005 eng d | ||
| 020 | |a 0-8218-3702-8 | ||
| 035 | |l 10091675 | ||
| 040 | |a GR-MY-UA |b gre |e aacr | ||
| 041 | 0 | |a eng | |
| 082 | 0 | |a 515.94 |2 (22) | |
| 100 | 1 | |a Ramanan, S. | |
| 245 | 1 | 0 | |a Global calculus / |c S. Ramanan |
| 260 | |a Providence, R.I. : |b American Mathematical Society, |c c2005 | ||
| 300 | |a xi, 316 σ.; |b εικ.; |c 27 εκ. | ||
| 490 | 1 | |a Graduate studies in mathematics |v ; 65 | |
| 504 | |a Περιλαμβάνει βιβλιογραφικές παραπομπές (σ. 311-312) και ευρετήριο | ||
| 650 | 0 | 0 | |a Geometry, Algebraic. |
| 650 | 0 | 0 | |a Differential operators. |
| 650 | 0 | 0 | |a Analytic spaces. |
| 650 | 0 | 0 | |a Geometry, Differential. |
| 830 | 0 | |a Graduate studies in mathematics ; |v ; 65 | |
| 852 | |a INST |b SAMOS |e 20071019 |h 515.94 RAM |p 005300028050 |q 005300028050 |t BK |y 0 | ||
| 901 | |a BIBL3-2007-3 | ||
| 909 | |a Σ |b 139359 | ||
| 922 | |a 3ΕΛΗ |b 200709 |c ΕΠΕΑΕΚ2/ΤΜΗΜΑ ΜΑΘΗΜΑΤΙΚΩΝ |d ΠΑΠΑΣΩΤΗΡΙΟΥ | ||
| 970 | |a ΡΟΥΣΣΟΥ |b ΚΩΝΣΤΑΝΤΙΝΑ |z 2007/10/19 | ||